000 00903nam a2200289 i 4500
003 EG-GICUC
005 20260429194742.0
008 260429s1993 fr ||||fr|||| 000 0 fre d
020 _a2706105380
040 _aEG-GiCUC
_bfre
_cEG-GiCUC
_dEG-GiCUC
_erda
082 0 4 _221
_a343.93
_bME
092 0 4 _221
099 _aLaw1 10 343.93 ME 1993
245 1 0 _aMélanges En L'honneur Du Professeur Jean Larguier :
_bDroit Pénal Procédure Pénale /
_c
_n
264 3 _aGrenoble :
_bPresses Universitaires de Grenoble,
_c1993.
300 _a400pages :
_billustrations,
_c24 cm
336 _2rda content
_atext
337 _2rda media
_aComputer
338 _2rda carrier
_aOnline Resource
504 _a
546 _aTexte en français
650 1 4 _aDroit pénal
_2
651 1 _2
856 4 0 _uhttps://fll.law.cu.edu.eg/fulltext/bks/B10-10862.pdf
905 _a50
942 _2ddc
_cBK
_e21
_n0
999 _c74343
_d74343